The Legend of Zelda- Les villes et les villages - Statistiques

Statistiques générales
  • Ce quiz a été pris 60 fois
  • Le résultat moyen est 26 sur 71
Statistiques - réponses
Jeu d'apparition Ville/Village % Correct
The Legend of Zelda: A Link to the Past Village Cocorico
96%
The Legend of Zelda: Ocarina of Time Village Cocorico
96%
The Legend of Zelda: Four Swords Adventures Village Cocorico
96%
The Legend of Zelda: Twilight Princess Village Cocorico
96%
The Legend of Zelda: A Link Between Worlds Village Cocorico
96%
The Legend of Zelda: Breath of the Wild Village Cocorico
96%
The Legend of Zelda: Tears of the Kingdom Village Cocorico
96%
The Legend of Zelda: Ocarina of Time Village Goron
85%
The Legend of Zelda: Majora's Mask Village Goron
85%
The Legend of Zelda: Spirit Tracks Village Goron
85%
The Legend of Zelda: Breath of the Wild Village Goron
85%
The Legend of Zelda: Tears of the Kingdom Village Goron
85%
The Legend of Zelda: Breath of the Wild Village d'Elimith
83%
The Legend of Zelda: Tears of the Kingdom Village d'Elimith
83%
The Legend of Zelda: Ocarina of Time Domaine Zora
77%
The Legend of Zelda: Breath of the Wild Domaine Zora
77%
The Legend of Zelda: Tears of the Kingdom Domaine Zora
77%
The Legend of Zelda: Breath of the Wild Cité Gerudo
71%
The Legend of Zelda: Tears of the Kingdom Cité Gerudo
71%
The Legend of Zelda: The Minish Cap Village Piaf
71%
The Legend of Zelda: Breath of the Wild Village Piaf
71%
The Legend of Zelda: Tears of the Kingdom Village Piaf
71%
The Legend of Zelda: Breath of the Wild Village d'Euzero
65%
The Legend of Zelda: Tears of the Kingdom Village d'Euzero
65%
The Legend of Zelda: Breath of the Wild Village d'Ecaraille
56%
The Legend of Zelda: Tears of the Kingdom Village d'Ecaraille
56%
The Legend of Zelda: Ocarina of Time Forêt Kokiri
44%
The Legend of Zelda: Majora's Mask Bourg-Clocher
31%
The Legend of Zelda: Tears of the Kingdom Fort de Guet
29%
The Legend of Zelda: Oracle of Ages Village Zora
23%
The Legend of Zelda: Twilight Princess Village Zora
23%
The Legend of Zelda: A Link Between Worlds Village Zora
23%
The Legend of Zelda: Skyward Sword Célesbourg
21%
The Legend of Zelda: Twilight Princess Village de Toal
19%
The Legend of Zelda: The Minish Cap Mercant'île
17%
The Legend of Zelda: Twilight Princess Citadelle d'Hyrule
15%
The Legend of Zelda: Spirit Tracks Citadelle d'Hyrule
15%
The Legend of Zelda: The Minish Cap Village Minish
13%
The Legend of Zelda: Twilight Princess Célestia
12%
The Legend of Zelda: Link's Awakening Village des Animaux
12%
The Legend of Zelda: A Link to the Past Village des Bandits
12%
The Legend of Zelda: A Link Between Worlds Village des Bandits
12%
The Legend of Zelda: Spirit Tracks Village Skimo
12%
Zelda II: The Adventure of Link Darunia Town
10%
The Legend of Zelda: The Minish Cap Ile de l'Aurore
10%
Zelda II: The Adventure of Link Ruto Town
10%
Zelda II: The Adventure of Link Saria Town
10%
The Legend of Zelda: Link's Awakening Village des Mouettes
10%
The Legend of Zelda: Oracle of Seasons Village de Subrosia
10%
The Legend of Zelda: Oracle of Seasons Village Horon
10%
The Legend of Zelda: The Minish Cap Cité d'Hyrule
8%
Zelda II: The Adventure of Link Nabooru Town
8%
Zelda II: The Adventure of Link Rauru Town
8%
The Legend of Zelda: Spirit Tracks Village de Papousia
8%
The Legend of Zelda: Ocarina of Time Bourg d'Hyrule
6%
The Legend of Zelda: Oracle of Ages Cité Lynna
6%
The Legend of Zelda: Phantom Hourglass Ile Melka
6%
The Legend of Zelda: Four Swords Adventures Village Gerudo
6%
The Legend of Zelda: Twilight Princess Village Oublié
6%
The Legend of Zelda: Spirit Tracks Village Prokis
6%
The Legend of Zelda: Tears of the Kingdom Cité souterraine
4%
The Legend of Zelda: Oracle of Ages Cité Symétrie
4%
Zelda II: The Adventure of Link Mido Town
4%
Zelda II: The Adventure of Link New Kasuto
4%
Zelda II: The Adventure of Link Old Kasuto
4%
The Legend of Zelda: Majora's Mask Village dans la Montagne
4%
The Legend of Zelda: Spirit Tracks Village de Boquillon
4%
The Legend of Zelda: Four Swords Adventures Village de la Jeune Fille Bleue
4%
The Legend of Zelda: A Link to the Past Village des Hors-la-Loi
4%
The Legend of Zelda: Triforce Heroes Estoffe
2%
The Legend of Zelda: Phantom Hourglass Ile Molida
2%
Aucun quiz correspondant
Distribution des résultats
% des personnes avec chaque résultat
Percentile par nombre de réponses
Votre historique - résultats
Vous n’avez pas pris ce quiz